| 000 | 00971cam a2200325 a 4500 | ||
|---|---|---|---|
| 001 | 4429293 | ||
| 005 | 20260421095249.0 | ||
| 008 | 940128s1993 ii b 000 0 eng | ||
| 010 | _a 93901763 | ||
| 020 |
_a0863113923 : _cRs30.00 |
||
| 020 | _a9780863113925 | ||
| 025 | _aI-E-71227 | ||
| 035 | _a4429293 | ||
| 040 |
_aDLC _cDLC _dDLC |
||
| 042 | _alcode | ||
| 082 | _a320.55 BHA | ||
| 100 | 1 | _aBharucha, Rustom | |
| 245 | 1 | 4 |
_aThe question of faith / _cRustom Bharucha. |
| 260 |
_aNew Delhi : _bOrient Longman, _c1993. |
||
| 300 |
_aix, 94 p. ; _c23 cm. |
||
| 365 | _bRs. 30 | ||
| 490 | 1 |
_aTracts for the times ; _v3 |
|
| 504 | _aIncludes bibliographical references. | ||
| 650 | 0 | _aFaith. | |
| 830 | 0 |
_aTracts for the time (New Delhi, India) ; _v3. |
|
| 906 |
_a7 _bcbc _corigode _d2 _encip _f19 _gy-gencatlg |
||
| 942 |
_2ddc _cBK |
||
| 999 |
_c10544 _d10544 |
||